00361nam a2200109Ia 4500008004100000100001800041245002300059260006900082300001100151650002100162856006800183160712s9999 xx 000 0 und d aBengan, John. cJohn BenganaArmor c2012bLikhaan: The Journal of Contemporary Philippine Literature avol. 6 xMAIKLING KUWENTO uhttp://journals.upd.edu.ph/index.php/lik/issue/view/536/showToc